Car & Truck Brands From the United States By Hint - Statistics

General Stats
  • This quiz has been taken 226 times
  • The average score is 6 of 56
Answer Stats
Headquarters What they Specialize in Hint Brand % Correct
Spring Hill, TN / Detroit, MI Midsized Cars, SUVs, Minivans, Roadsters Sixth planet from the sun Saturn
98%
Toledo, OH SUVs & Pickup Trucks Started off by making military vehicles under Willys, they now make SUVs and a pickup truck for the commercial market Jeep
28%
Detroit, MI Luxury Cars One of the oldest car brands in America as it was founded in 1899. The brand is cheaper than most other luxury brands but still luxury nonetheless Buick
20%
Dearborn, MI Luxury SUVs & Sedans The luxury vehicle division of Ford Lincoln
20%
San Carlos, CA Electric Cars, Pickup Trucks & Semis Elon Musk is the CEO of this brand Tesla
19%
Dearborn, MI Pickup Trucks, SUVs, Muscle Cars This car brand made a supercar to rival Ferrari at Le Mans in 1966. They also made the first affordable car. Ford
18%
Detroit, MI SUVs & Pickup Trucks A division of GM for trucks and utility vehicles GMC
18%
Auburn Hills, MI Pickup Trucks & Vans Once a part of Dodge, this truck brand is now independent Ram
18%
Detroit, MI SUVs, Pickup Trucks, Sports Cars, etc. An American automobile division of the manufacturer General Motors. Their logo is recognized as a bowtie Chevrolet
17%
Auburn Hills, MI Sedans & Minivans It is the American subsidiary of the multinational automotive company Stellantis. In 1998, it merged with Daimler-Benz. Chrysler
17%
Auburn Hills, MI Muscle Cars & SUVs A brand that creates all types of cars. They recently ended the production of their two highly popular muscle cars. One could also say they're up there with Ford and Chevy as sort of a "big 3" Dodge
17%
Lansing, MI Muscle Cars, Compacts, SUVs When this brand shut down in 2004, it was the oldest surviving American automobile brand, and one of the oldest in the world, after Peugeot, Renault, Fiat, and Opel. Oldsmobile
15%
Detroit, MI SUVs, Sedans, Coupes & EVs An extremely popular and recognizable car brand in Americana. A staple Route 66 landmark for this brand is located near Amarillo, TX Cadillac
14%
Detroit, MI SUVs & Pickup Trucks This brand went defunct in 2010 due to bankruptcy but as of 2022 GMC now badges an EV pickup and an EV SUV as this brand Hummer
14%
Dearborn, MI Luxury Cars It stood as its own line within Ford until 1945. The brand was created by Edsel Ford in 1938 to bridge the gap between the Ford and Lincoln model lines. Mercury
14%
Humble, TX Sports Cars This brand's car is highly iconic due to the Back to the Future movies DMC
13%
Greensboro, NC Semi / Heavy Duty Trucks This semi truck brand manufactured its first truck in 1905 and adopted its present name in 1922. Since 2000, it has been a subsidiary of Volvo Mack
12%
Irvine, CA Electric SUVs, Pickups & Vans This brand has made electric vans for Amazon as well as an SUV and a pickup truck for customers. The brand has 3 new models coming in 2026/27 Rivian
12%
Los Angeles, CA Sports Cars A luxury automotive brand that specializes in restoring / reimagining and modifying Porsche 911s Singer
12%
Denton, TX Semi / Heavy Duty Trucks Extremely popular American semi truck brand that built cabovers and now builds lose nose trucks Peterbilt
11%
Enterprise, NV Sports Cars This brand creates high performance versions of cars like the Ford Mustang but also has two very iconic sports car, most of which are now replicated due to how rare they are Shelby
11%
Southfield, MI Small-Full Sized Cars, Muscle Cars Formed when Nash-Kelvinator and Hudson Motor Car Company merged. This brand was one of the big four automotive firms in the US in the 1980s AMC
9%
Manhattan Beach, CA Luxury Hybrids The brand started in 2007 and was popularized by their sports car in ~2012. The brand introduced their EV SUV in 2021. Ultimately, the brand was forced to file for chapter 11 bankruptcy earlier this year Fisker
9%
Newark, CA Electric Sedans & SUVs Luxury EV brand whose model has a high-powered variant with 'Sapphire' tagged on the end Lucid
9%
Auburn Hills, MI Muscle Cars This brand was launched in 1928 to compete in what was then described as the "low-priced" market segment that was dominated by Chevrolet and Ford Plymouth
9%
Corona, CA Sports Cars and High Performance Parts This brand creates tuning kits and high performance parts for cars such as the Ford Mustang. The brand also has its own cars with the S7 and the S1 Saleen
9%
Medina, MN ATVs, Other Off-Road Vehicles and Sports Cars This brand mainly makes ATVs and snowmobiles but they added a three wheeled sports car to their lineup in 2015 Polaris
8%
Detroit, MI Muscle Cars & Sedans Originally introduced as a companion make for GM's more expensive Oakland Motors Pontiac
8%
Portland, OR Semi / Heavy Duty Trucks This brand's parent company is Daimler Truck North America Freightliner
6%
Sealy, TX Hypercars This brand creates high performance parts for other cars. Their first car based off of the Lotus Elise ended up being one of the fastest manual transmission cars ever made. Their all new hypercar was released in 2021 Hennessey
6%
Richland, WA Hypercars Although now debunked, this brand's car was claimed to be the fastest production vehicle in the world. Nonetheless it is a beautiful, limited production hypercar brand SSC
6%
Auburn Hills, MI Subcompacts-Full Sized Cars A brand of the Chrysler Corporation following the purchase of AMC in 1987 and marketed through the end of the 1998 model year. Eagle
5%
Irvine, CA Electric Sedans & Sports Cars This brand was born from Fisker's battery supplier's bankruptcy in 2014 after it forced Fisker to stop production Karma
5%
Kirkland, WA Semi-Trucks Semi truck brand founded in 1923 as the successor to Gersix Motor Company Kenworth
5%
Portland, OR Semis / Heavy Duty Trucks Also owned by Daimler Truck North America Western Star
5%
Los Angeles, CA Hypercars Hypercar brand located in LA. The brand's first car, the 21C started production this year Czinger
3%
Los Angeles, CA Luxury EVs EV brand that makes a supercar called the FF ZERO 1 Faraday Future
3%
Lordstown, OH Electric Pickup Trucks Pickup EV company who was a supposed rival to Rivian. The trucks never went to production as the brand had a downfall and had to file for bankruptcy in 2023 Lordstown
3%
Los Angeles, CA Hypercars Founded by Eric Rice in LA. The brand's electric Tachyon Speed has made appearances in Asphalt / Forza games RAESR
3%
Irvine, CA SUVs, Pickup Trucks & Sports Cars This brand makes military style SUVs, a 6x6 pickup truck and sports cars, all of which are based on pre-existing cars. Their first car was based on the Ariel Atom while their most popular SUV is based on a Jeep Wrangler Rezvani
3%
Fountain Valley, CA Supercars Founded by an Italian car designer but based in California. This brand's car is strikingly similar to the Lamborghini Diablo Cizeta
2%
Lisle, IL Semi / Heavy Duty Trucks This brand creates a number of semi trucks, military vehicles, emergency vehicles but also used to produce large pickup trucks International
2%
Hoschton, GA Luxury Sports Cars This company has been extensively involved in professional racing, and also designs, engineers and builds its own race cars, but also builds road cars like the Abruzzi Panoz
2%
Riviera Beach, FL Sports Cars Brand based off of the Noble M400 Rossion
2%
Irvine, CA Electric Pickups & SUVs This brand is a relatively new EV company (established in 2020) that aims to create affordable and accessible cars Alpha
1%
San Jose, CA Sports Cars EV brand that makes high performance sports cars.They have a 4 door sedan-type supercar and a 2,000HP SUV Drako
1%
Orlando, FL Supercars Originally designed to be a concept car for Ferrari by an Australian designer. Also originally called the F70 but was then picked up by this brand in Florida. Popularized by the Asphalt series Exotic Rides
1%
Riviera Beach, FL Sports Cars This brand was an American sports car manufacturer that also happened to make a 6 wheel Jeep and a Cadillac Eldorado with 2 engines Mosler
1%
Las Vegas, NV Hypercars First unveiled in 2015, intended to reach production in 2018 but still has yet to actually be produced for the commercial market. This brand's car was included in the racing game, Asphalt 9 Trion
1%
Provo, UT Autocycles Manufacturer of hand-made three wheeled autocycles Vanderhall
1%
Auburn Hills, MI Sports Cars High end muscle cars based off of pre-existing muscle cars, most notably the Dodge Viper. The brand's name is the first initial of the three founding member's last names VLF
1%
Fort Worth, TX Super Muscle Cars This brand's car is described as a "S2000-MX5-Z4-Mustang-Fisker mashup". The car is offered in a road and track ready version and has made numerous appearances in the Asphalt series BXR
0%
Bloomfield Hills, MI Sports Cars Expensive and high end brand that creates a modern muscle car based on multiple classic American muscle cars. The brand's car was notably featured on Top Gear USA Equus
0%
Costa Mesa, CA Sports Cars An American independent car manufacturer that specializes in developing advanced performance vehicles for the high-end specialty car market. Their car, the MOTION was featured in multiple video games Kepler
0%
Los Angeles, CA Supercars & Sports Cars This brand designs and manufactures high-performance supercars. One of this brand's cars was featured in an episode of Top Gear USA, showcasing and testing American supercars Lucra
0%
Wilmington, CA Sports Cars This brand is said to be the first attempt at an American supercar brand to rival the likes of Ferrari and Lamborghini Vector
0%
No matching quizzes found
Score Distribution
Percent of People with Each Score
Percentile by Number Answered
Your Score History
You have not taken this quiz